Catálogo

Una discusión sobre la gestión de la diversidad cultural / (Registro nro. 70120)

Detalles MARC
000 -LEADER
fixed length control field 01431nam a2200373 i 4500
001 - CONTROL NUMBER
control field 70120
003 - CONTROL NUMBER IDENTIFIER
control field Mx-PuUPA
005 - DATE AND TIME OF LATEST TRANSACTION
control field 20230614130733.0
008 - FIXED-LENGTH DATA ELEMENTS--GENERAL INFORMATION
fixed length control field 230614s2008 sp gr 000 0 spa d
017 ## - COPYRIGHT OR LEGAL DEPOSIT NUMBER
Copyright or legal deposit number SE-37-2008 Unión Europea
020 ## - INTERNATIONAL STANDARD BOOK NUMBER
International Standard Book Number 9788498491654
040 ## - CATALOGING SOURCE
Original cataloging agency Mx-PuUPA
Language of cataloging spa
Transcribing agency Mx-PuUPA
Modifying agency Mx-PuUPA
Description conventions rda
041 0# - LANGUAGE CODE
Language code of text/sound track or separate title spa
245 14 - TITLE STATEMENT
Title Una discusión sobre la gestión de la diversidad cultural /
Statement of responsibility, etc. Oscar Pérez de la Fuente, editor : Jesús Prieto de Pedro, Ángeles Solanes Corella [otros seis]
264 #1 - PRODUCTION, PUBLICATION, DISTRIBUTION, MANUFACTURE, AND COPYRIGHT NOTICE
Place of production, publication, distribution, manufacture Madrid :
Name of producer, publisher, distributor, manufacturer Editorial Dykinson,
Date of production, publication, distribution, manufacture, or copyright notice [2008?]
300 ## - PHYSICAL DESCRIPTION
Extent 316 páginas ;
Dimensions 21 cm
336 ## - CONTENT TYPE
Fuente rdacontent
Content type term texto
Content type code txt
337 ## - MEDIA TYPE
Source rdamedia
Media type term sin medio
Media type code n
338 ## - CARRIER TYPE
Source rdacarrier
Carrier type term volumen
Carrier type code nc
490 0# - SERIES STATEMENT
Series statement Colección Bebates ;
Volume/sequential designation 2009
650 #7 - SUBJECT ADDED ENTRY--TOPICAL TERM
Source of heading or term armarc
Topical term or geographic name entry element Identidad cultural
650 #7 - SUBJECT ADDED ENTRY--TOPICAL TERM
Source of heading or term armarc
Topical term or geographic name entry element Identidad cultural
Form subdivision Estudios, conferencias
650 #7 - SUBJECT ADDED ENTRY--TOPICAL TERM
Source of heading or term armarc
Topical term or geographic name entry element Multiculturalismo
650 #7 - SUBJECT ADDED ENTRY--TOPICAL TERM
Source of heading or term armarc
Topical term or geographic name entry element Multiculturalismo
General subdivision Política gubernamental
650 #7 - SUBJECT ADDED ENTRY--TOPICAL TERM
Source of heading or term armarc
Topical term or geographic name entry element Pluralismo (ciencias sociales)
Form subdivision Estudios, conferencias
700 1# - ADDED ENTRY--PERSONAL NAME
Personal name Pérez de la Fuente, Óscar,
Relator term editor
9 (RLIN) 14304
700 1# - ADDED ENTRY--PERSONAL NAME
Personal name Prieto de Pedro, Jesús,
Relator term autor
700 1# - ADDED ENTRY--PERSONAL NAME
Personal name Solanes Corella, Ángeles,
Relator term autor
942 ## - ADDED ENTRY ELEMENTS (KOHA)
Source of classification or shelving scheme Dewey Decimal Classification
Koha item type Libro
Classification part 305.8
Item part D615
Existencias
Withdrawn status Lost status Source of classification or shelving scheme Damaged status Not for loan Collection code Home library Current library Shelving location Date acquired Source of acquisition Cost, normal purchase price Total Checkouts Full call number Barcode Date last seen Cost, replacement price Price effective from Koha item type
    Dewey Decimal Classification     General Biblioteca Karol Wojtyla Biblioteca Karol Wojtyla Sala general 13/06/2023 11 2827.00   305.8 D615 2008 103511 05/01/2026 2827.00 13/06/2023 Reserva permanente